Feminism without borders : (Record no. 281)
[ view plain ]
| 000 -LEADER | |
|---|---|
| fixed length control field | 00698cam a22002174a 4500 |
| 001 - CONTROL NUMBER | |
| control field | 12899398 |
| 005 - DATE AND TIME OF LATEST TRANSACTION | |
| control field | 20240202044054.0 |
| 008 - FIXED-LENGTH DATA ELEMENTS--GENERAL INFORMATION | |
| fixed length control field | 020819s2003 ncu b 001 0 eng |
| 020 ## - INTERNATIONAL STANDARD BOOK NUMBER | |
| ISBN | 0822330105 (cloth : alk. paper) |
| 020 ## - INTERNATIONAL STANDARD BOOK NUMBER | |
| ISBN | 0822330210 (pbk. : alk. paper) |
| 040 ## - CATALOGING SOURCE (பட்டியலாக்க மூலம்) | |
| Original cataloging agency | DLC |
| Transcribing agency | DLC |
| Modifying agency | DLC |
| 082 00 - DDC Classification | |
| Class No. | 305.42 |
| DDC Edition Number | 21 |
| Item Number - Author Mark | CHA. |
| 100 1# - MAIN ENTRY--PERSONAL NAME | |
| Personal name | Mohanty, Chandra Talpade, |
| 245 10 - TITLE STATEMENT | |
| Title | Feminism without borders : |
| Remainder of title | decolonizing theory, practicing solidarity / |
| Statement of responsibility, etc. | Chandra Talpade Mohanty. |
| 260 ## - PUBLICATION, DISTRIBUTION, ETC. | |
| Place of publication, distribution, etc. | Durham ; |
| -- | London : |
| Name of publisher, distributor, etc. | Duke University Press, |
| Date of publication, distribution, etc. | c2003. |
| 300 ## - PHYSICAL DESCRIPTION | |
| Extent (e.g. Volumes, Pages etc.) | viii, 300 p. ; |
| 650 #0 - SUBJECT ADDED ENTRY--TOPICAL TERM | |
| Topical term or geographic name entry element | Feminism |
| 650 #0 - SUBJECT ADDED ENTRY--TOPICAL TERM | |
| Topical term or geographic name entry element | Women |
| 856 42 - ELECTRONIC LOCATION AND ACCESS | |
| Uniform Resource Identifier | <a href="http://www.h-net.org/reviews/showrev.php?id=10752">http://www.h-net.org/reviews/showrev.php?id=10752</a> |
| 942 ## - Koha item type (Biblio) | |
| Koha item type | Books in Stacks (Lending) |
No items available.
